logo

Bir Sreshtho Munshi Abdur Rouf Library
Jhenaidah Cadet College

শেয়ার বাজার প্রেক্ষিত বাংলাদেশ : (Record no. 10770)

MARC details
000 -LEADER
fixed length control field 00903nam a2200241 a 4500
001 - CONTROL NUMBER
JCCL Control Number 10770
003 - CONTROL NUMBER IDENTIFIER
JCCL marc code BD-JhCC
005 - DATE AND TIME OF LATEST TRANSACTION
control field 20180908105420.0
008 - FIXED-LENGTH DATA ELEMENTS--GENERAL INFORMATION
fixed length control field 180908s2011 bg a|||| |||| 000 0 ben d
020 ## - INTERNATIONAL STANDARD BOOK NUMBER
International Standard Book Number 9789848934150
035 ## - SYSTEM CONTROL NUMBER
system control number (BD-JhCC)10770
040 ## - CATALOGING SOURCE
Original cataloging agency BD-JhCC
Modifying agency BD-JhCC
041 ## - LANGUAGE CODE
Language code of Book ben
082 ## - DEWEY DECIMAL CLASSIFICATION NUMBER
Classification number 332.642
Author mark and Year MAH 2018
100 ## - MAIN ENTRY--PERSONAL NAME
Personal name মাহমুদ, আনু
245 ## - TITLE STATEMENT
Title শেয়ার বাজার প্রেক্ষিত বাংলাদেশ :
Remainder of title শেয়ার ক্রয় বিক্রয়ের কলাকৌশল /
Statement of responsibility, etc আনু মাহমুদ,
260 ## - PUBLICATION, DISTRIBUTION, ETC. (IMPRINT)
Place of publication, distribution, etc ঢাকা :
Name of publisher, distributor, etc আলেয়া বুক ডিপো,
Date of publication, distribution, etc ২০১৮.
300 ## - PHYSICAL DESCRIPTION
Pagination ২৯৬ পৃ. :
Other physical details চিত্রাবলী,
Dimensions ২২ সেমি.
650 ## - SUBJECT ADDED ENTRY--TOPICAL TERM
Topical term or geographic name as entry element Stock exchanges
650 ## - SUBJECT ADDED ENTRY--TOPICAL TERM
Topical term or geographic name as entry element Portfolio management
650 ## - SUBJECT ADDED ENTRY--TOPICAL TERM
Topical term or geographic name as entry element Investment analysis
942 ## - ADDED ENTRY ELEMENTS (KOHA)
Source of classification or shelving scheme Dewey Decimal Classification
Koha item type Books
Holdings
Source of classification or shelving scheme Damaged status Not for loan Home library Current library Shelving location Date of accession Cost, normal purchase price Total Checkouts Full call number Barcode Date last seen Copy number Koha item type
Dewey Decimal Classification     JCC Rouf Library JCC Rouf Library General Stacks 09/08/2018 360.00   332.642 MAH 2018 14591 09/08/2018 C-1 Books

JCC Library | Contacts | JCC Home

Last Update on 23 September 2017
Copyright @ 2017-2020 JCC Rouf Library
Rouf Library, Jhenidah Cadet College (JCC), Bangladesh